L'amore Possibile

Uloženo v:
Podrobná bibliografie
Hlavní autor: Karenyoung
Médium: Kniha
Jazyk:neznámý jazyk
Vydáno: Harleiquin Mondadori S.P.A
Tagy: Přidat tag
Žádné tagy, Buďte první, kdo vytvoří štítek k tomuto záznamu!

MARC

LEADER 00000nam a2200000Ia 4500
001 R-1134
003 CODICE-MESSINA
005 20260212102502.0
008 260211s9999 xx 000 0 und d
040 |c importazione_messina 
100 |a Karenyoung 
245 0 |a L'amore Possibile 
260 |b Harleiquin Mondadori S.P.A 
942 |2 ddc  |c BK 
952 |0 0  |1 0  |2 ddc  |4 0  |6 SCAFFALE_11_000000000000000__ROMANZI  |7 0  |9 31965  |a ME  |b ME  |d 2026-02-11  |l 0  |o SCAFFALE 11 - ROMANZI  |p R-1134  |r 2026-02-11 23:52:53  |w 2026-02-11  |x [REVISIONARE]  |y BK 
999 |c 27630  |d 27630